Jujutsu Kaisen Domain Expansions - Statistics

General Stats
  • This quiz has been taken 259 times
  • The average score is 7 of 13
Answer Stats
User Domain Expansion % Correct
Ryomen Sukuna Malevolent Shrine
95%
Satoru Gojo Unlimited Void
93%
Megumi Fushiguro Chimera Shadow Garden
73%
Mahito Self-Embodiment of Perfection
67%
Jogo Coffin of the Iron Mountain
66%
Hiromi Higuruma Deadly Sentencing
59%
Kinji Hakari Idle Death Gamble
55%
Naoya Zenin Time Cell Moon Palace
45%
Yuta Okkotsu Authentic Mutual Love
44%
Kenjaku Womb Profusion
36%
Dagon Horizon of the Captivating Skandha
34%
Yorozu Threefold Affliction
27%
Dabura Karaba Otherworld Between Darkness and Light: Reverse Transcendence
15%
No matching quizzes found
Score Distribution
Percent of People with Each Score
Percentile by Number Answered
Your Score History
You have not taken this quiz